Statistics for Who Controls What: Year 1835

Click here to take the quiz!

General Stats

  • This quiz has been taken 24 times
  • The average score is 9 of 18

Answer Stats

CityCountry% Correct
BostonUnited States
95%
HelsinkiRussia
86%
Salt Lake CityMexico
71%
SeoulQing Dynasty
67%
JakartaNetherlands
62%
Panama CityColombia
62%
MonroviaUnited States
52%
Fort Ross, CaliforniaRussia
52%
MaastrichtBelgium
48%
TunisOttoman Empire
43%
DubaiUnited Kingdom
43%
Santo DomingoHaiti
38%
CorfuUnited Kingdom
38%
ZanzibarOman
38%
San SalvadorF.R. Central America
33%
CaliEcuador
33%
GenoaSardinia
33%
St CroixDenmark
24%

Score Distribution

Percentile by Number Answered

Percent of People with Each Score

Your Score History

You have not taken this quiz